Normal view
MARC view
Entry Personal Name
001 - CONTROL NUMBER
- control field: 15292
003 - CONTROL NUMBER IDENTIFIER
- control field: OSt
005 - DATE AND TIME OF LATEST TRANSACTION
- control field: 20211112154637.0
008 - FIXED-LENGTH DATA ELEMENTS
- fixed length control field: 211112|| aca||aabn | a|a d
040 ## - CATALOGING SOURCE
- Original cataloging agency: OSt
- Transcribing agency: OSt
100 ## - HEADING--PERSONAL NAME
- Personal name: Krampen, M
670 ## - SOURCE DATA FOUND
- Source citation: Work cat.: (OSt): Krampen, M, Meaning in the urban environment , 2007.
